000 01083fam a2200337 a 4500
005 20260322212024.0
008 data
010 _a 90165616
020 _a0194343588
020 _a9780194343589
040 _aDLC
_cDLC
041 0 _aengvie
043 _an-us---
050 0 0 _aPE1629
_b.P32 1989
092 _a423.9 Parv 1989
100 1 _aParnwell, E. C.
245 1 4 _aThe new Oxford picture dictionary /
_cE.C. Parnwell ; translated by Hai Trong Tran ; illustrations by Ray Burns ... [et al.].
250 _aEnglish/Vietnamese ed.
260 0 _aNew York, NY, USA :
_bOxford University Press,
_c1989.
300 _a142 p. :
_bcol. ill. ;
_c26 cm.
500 _aEnglish and Vietnamese.
500 _aIncludes indexes.
590 _aEnglish and Vietnamese.
590 _aIncludes indexes.
650 0 _aPicture dictionaries, English.
650 0 _aEnglish language
_zUnited States
_vDictionaries.
650 0 _aEnglish language
_vTextbooks for foreign speakers
_xVietnamese.
650 0 _aAmericanisms
_vDictionaries.
700 1 _aBurns, Raymond,
_d1924-
001 data
999 _c546
_d546